000 00337nam a22001337a 4500
020 _aNA
082 _222
_a808.042
100 _aSabin, william A.
245 _aThe Gregg reference manual /
250 _a9th
260 _aGlercoel Mc graw hill,
_bGlercoel Mc graw hill,
_cc2001
300 _axxx,610,p.;
_bNA
_c24cm.
942 _2ddc
_cGEN
_01
999 _c3516
_d3516